000 00335 a2200109 4500
001 ART_46784
005 20260410162000.0
008 260409a
245 1 0 _aCaracterísticas y retos de un mundo globalizado
100 1 _aLafer, Celso
773 0 _tArchivos del presente
_g- Año 16, Nº 57/58 (ene. 2012)
_wREV28180
999 _c31170
_d31170